| 000 | 01879nam a2200397 a 4500 | ||
|---|---|---|---|
| 001 | 00167 | ||
| 003 | DO-SdBNP | ||
| 005 | 20180309114851.0 | ||
| 007 | 00167 | ||
| 008 | 091118s2008 dr 2008 000 0 spa d | ||
| 020 | _a9789945112061 - Guía | ||
| 020 | _a9789945112306 - Cuaderno | ||
| 040 |
_aBPMSU _bspa _cBPMSU |
||
| 092 |
_a372.83 _bL865s 7mo. 2008 |
||
| 100 | 1 | _4Brea, José | |
| 245 | 0 | 0 |
_aSociedad 7 : básica / _cJosé Brea, Fanny Capellán, Henry Ramos Santos; editora Margarita Castro Catrain |
| 260 |
_aSanto Domingo : _bSantillana, _c2008. |
||
| 300 |
_a2 v. : _bil., mapas., retrs. ; _c28 cm. |
||
| 490 | 1 | _aCoral | |
| 500 | _aLa biblioteca posee guía y cuaderno | ||
| 505 | 0 |
_tUnidad 1 -- _tEl antecedente colonial -- _tUnidad 2 -- _tÉpoca de revoluciones -- _tUnidad 3 -- _tEvolución de las Antillas -- _tUnidad 4 -- _tEntre la Colonia y la República -- _tUnidad 5 -- _tLa economía del siglo XIX -- _tUnidad 6 -- _tLa fundación de la República -- _tUnidad 7 -- _tAnexión y segunda República -- _tUnidad 8 -- _tIndependentismo y antillanismo -- _tUnidad 9 -- _tLiberalismo y dictadura -- _tUnidad 10 -- _tLa cultura en el siglo XIX -- _tUnidad 11 -- _tModernización a fines del XIX -- _tUnidad 12 -- _tEl espacio en el siglo XIX / |
|
| 650 | 4 |
_aCIENCIAS SOCIALES _xENSEÑANZA BÁSICA |
|
| 650 | 4 |
_aCIENCIAS SOCIALES _xEDUCACIÓN PRIMARIA |
|
| 650 | 4 |
_aCIENCIAS SOCIALES _xLIBROS DE TEXTOS |
|
| 650 | 4 |
_aCIENCIAS SOCIALES _xESTUDIOS DE TEXTOS |
|
| 650 | 4 |
_aEDUCACIÓN PRIMARIA _zREPÚBLICA DOMINICANA |
|
| 700 | 1 | 2 | _aCapellán, Fanny |
| 700 | 1 | 2 | _aRamos Santos, Henry |
| 700 | 1 |
_aCastro Catrain, Margarita, _eed. |
|
| 830 | 0 | _aCoral | |
| 910 | _aValidado. Control de calidad MFF | ||
| 942 |
_2ddc _cBK |
||
| 945 | _aRemanejado para la BNPHU / 2018 VM | ||
| 956 |
_aVMATEO _b10 _c20150615 _lBPMSU _h00151 |
||
| 956 |
_aBTAVÁREZ _b10 _c20160408 _l00167 |
||
| 999 |
_c9647 _d9647 |
||